[Event "TUR-ch"]
[Site "Kemer"]
[Date "2011.02.06"]
[Round "3"]
[White "Yavic, Adnan"]
[Black "Karatas, Kursat"]
[Result "0-1"]
[WhiteElo "1979"]
[BlackElo "1820"]
[PlyCount "104"]
[EventDate "2011.02.05"]
[EventType "swiss"]
[EventRounds "10"]
[EventCountry "TUR"]
[SourceTitle "CBM 140 Extra"]
[Source "ChessBase"]
[SourceDate "2011.03.01"]
[SourceVersion "1"]
[SourceVersionDate "2011.03.01"]
[SourceQuality "1"]

1. e4 d5 2. exd5 Nf6 3. Nc3 Nxd5 4. Nxd5 Qxd5 5. Nf3 Nc6 6. Be2 Bg4 7. 0-0 0-0-0 8. d3 e5 9. Be3 f5 10. h3 Bh5 11. c4 Qd7 12. Qa4 Bxf3 13. Bxf3 a6 14. Rab1 Nd4 15. Qxd7+ Rxd7 16. Bxd4 Rxd4 17. Rfd1 Be7 18. b4 Rhd8 19. Bd5 g6 20. Kf1 c6 21. Be6+ Kc7 22. Ke2 e4 23. Rb3 Bg5 24. f3 exf3+ 25. Kxf3 R4d6 26. Bf7 Rf6 27. Bxg6 hxg6 28. a4 Rfd6 29. a5 Rd4 30. Ke2 Re8+ 31. Kf2 Red8 32. Ke2 Bf6 33. Rdb1 Re8+ 34. Kd2 Rf4 35. Re1 Rf2+ 36. Kd1 Rxe1+ 37. Kxe1 Rxg2 38. b5 Ra2 39. b6+ Kd6 40. d4 g5 41. Rf3 f4 42. h4 Rxa5 43. c5+ Kd5 44. hxg5 Bxg5 45. Rh3 Kxd4 46. Rh7 Kxc5 47. Rxb7 Rb5 48. Ke2 Rxb6 49. Rg7 Bf6 50. Rf7 Be5 51. Kf3 Kd5 52. Rd7+ Bd6 0-1